00744nam a2200181 i 450000100060000000300090000600500170001500700030003200800410003510000380007624500970011426000630021130000330027470000840030785200320039199900170042395201220044060349ES-MaACL20231227175043.0t|031104s1971 sp ||||1| spa d1 aEspí Valdés, Adrián.94781910aVida y obra del pintor Gisbert / cAdrián Espí Valdés ; prólogo Marqués de Lozoya. aValencia : bInstitución Alfonso el Magnánimo, c1971. a179 p., 32 lám. ; c24 cm.1 aLozoya, Juan de Contreras y López de Ayala,cMarqués de,d1893-19789129112 aES-MaACLjC-37805 bR.75987 c60349d60349 00104070aATENEOMbATENEOMcDEPO2d2008-01-17eSCl0oC-37805p1063298r2023-02-23 00:00:00w2023-02-23yMONOGRAFIA